Disney's Hercules Characters by Therapy Session Quiz Stats

 Plays Quiz not verified by Sporcle

Challenge
Share
Tweet
Embed
Score 0/20 Timer 06:00
0 Plays Today
Therapy Statement Character % Correct
I'm a realy hot head...Hades
98%
I gave up immortality for a girl; she better be worth it...Hercules
91.7%
I took a quick dip in the Styx until my boyfriend showed up...Megara
90.1%
I have to talk to my son through a statue...Zeus
88.9%
My baby was kidnapped and raised by a mortal woman...Hera
82.9%
This gig I got keeps getting me average joes.. i need a kid to take me to the top...Philoctetes
78.4%
We have to keep doing all the Underworld dirty work...Pain and Panic
77.4%
We've been trapped by our nephew for millennia underground and he goes and blasts us into space...Titans
73.1%
We just figured out that we're the only black women in Greece...Muses
66.6%
This godling broke our pair of scissors...The Fates
63.2%
Therapy Statement Character % Correct
This fine looking girl ended up being two Underworld minions...Pegasus
56.3%
I always get interrupted by these singing girls...Bob, the Narrator
34.4%
I managed to get killed by a godling who was mortal at the time...Cyclops
32.5%
I have to carry all this hay, back and forth, every day...Penelope
22.7%
I ran out of wine...Bacchus
20.8%
This beautiful girl kept refusing me; so I tried to kidnap her and get thrown into a wall by this godling...Nessus
18.1%
I have to raise the son of a god...great, I just wanted to go out and get my paper...Alcmene
15.7%
My son ran away to find his real father...Amphitryon
15.3%
That boy keeps breaking all my pottery...Demetrius
9%
The girl I used to love is dating a guy who's more successful than me...Adonis
6.2%

You're not logged in!

Compare scores with friends on all Sporcle quizzes.
Join for Free
OR
Log In

You Might Also Like...

Show Comments

Extras

Top Quizzes Today


Score Distribution

Your Account Isn't Verified!

In order to create a playlist on Sporcle, you need to verify the email address you used during registration. Go to your Sporcle Settings to finish the process.

Report this User

Report this user for behavior that violates our Community Guidelines.

Details: